000 01236cam a22002771i 4500
003 SA-RiAUC
005 20241210092651.0
008 241209s1982 xx f 000 0 ara c
040 _aSA-JeALM
_bara
_cSA-RiAUC
_erda
043 _aa-su---
082 0 4 _a251.6
_qSA-RiAUC
090 _a251.6
_bل ح ج
100 1 _aاللحجي، عبد الله بن سعيد محمد عبادي،
_d1343-1410 هجري
_eمؤلف.
245 1 0 _aإيضاح القواعد الفقهية /
_cعبد الله بن سعيد محمد عبادي اللحجي الحضرمي الشحاري.
250 _aالطبعة الثانية.
264 1 _aمكة المكرمة :
_bمكتبة ومطبعة النهضة الحديثة،
_c[1982]
300 _a122 صفحة
_c22 سم
336 _aنص
_btxt
_2rdacontent
_3كتاب
337 _aبدون وسيط
_bn
_2rdamedia
338 _aمجلد
_bnc
_2rdacarrier
521 _aموجه لطلاب المدرسة الصولتية.
650 7 _aأصول الفقه الإسلامي
_xدراسة وتعليم
_zمكة المكرمة
_2aucsh
650 7 _aالقواعد الفقهية
_xدراسة وتعليم
_zمكة المكرمة
_2aucsh
942 _2ddc
_cBOOK
_n0
949 _aSA-JeALM
_d241209
_uosman123
_n1
999 _c3258
_d3258